000 00706nam a2200289Ia 4500
005 20260324144444.0
008 008 260324s9999 xx 000 0 eng d
020 _a9780429309717
037 _aEBOOK
040 _aCRL
040 _beng
040 _cCRL
041 _2eng
041 _aeng
084 _qCRL
100 _aFred H Eidlin; Karel Kaplan
_91219383
245 4 _aThe Communist Party In Power
245 2 _bA Profile Of Party Politics In Czechoslovakia
260 _bTaylor and Francis
260 _c1988
365 _a
365 _b145
856 _uhttp://www.taylorfrancis.com/books/9780429309717
942 _cEBOOK
999 _c1826020
_d1826020